Teresa of Avila

Збережено в:
Бібліографічні деталі
Автор: Auclair, Marcelle (Автор)
Формат: Книга
Мова:Англійська
Опубліковано: Nueva York Image Books 1959
Предмети:
Теги: Додати тег
Немає тегів, Будьте першим, хто поставить тег для цього запису!

MARC

LEADER 00000nam a2200000 a 4500
001 UCI4276
003 CL-VaPUC
008 080111e19590000US |||||||||||||||||eng|d
082 0 4 |a 922.22  |b AUC  |2 21 
100 0 |a Auclair, Marcelle  |e author  |9 526072 
245 1 0 |a Teresa of Avila 
300 |a 480 p 
942 |c BK 
945 |d 20080111 00:00:00  |a rbrito 
260 |a Nueva York  |b Image Books  |c 1959 
600 0 7 |a TERESA DE AVILA  |2 CL-VaPUC  |9 526073 
650 0 |a Biografías  |9 255210 
650 0 |a Vida religiosa  |9 257284 
583 |a last modification  |c 20080111 00:00:00  |k Rodrigo Vera 
999 |c 328232  |d 328230 
952 |0 0  |1 0  |4 0  |6 922_220000000000000_AUC_1959  |7 0  |8 ?  |9 412035  |a FDOBUD  |b FDOBUD  |d 2019-11-22  |i 4400984  |o 922.22 AUC 1959  |p 4400984  |r 2019-11-22  |w 2019-11-22  |y BK  |k BUD